Tom Hanks Character Match-up Quiz Stats

 Plays Quiz not verified by Sporcle

Support Sporcle.
Go Orange.
Score 0/24 Timer 04:00
0 Plays Today
% Correct
Forrest
97.3%
Walt
91.6%
Santa
88.6%
Sheriff
85.8%
Capt. Richard
77.9%
Capt. Jim
70.3%
Viktor
69.5%
Robert
68.9%
Larry
67.3%
Charlie
63.5%
Capt. Chesley
51.8%
Carl
51.2%
% Correct
Andrew
48.2%
Jimmy
48%
Capt. John
46.6%
Josh
43.9%
Paul
43.1%
Chuck
41.1%
Joe
37.3%
Michael
33.8%
Scott
31.1%
Sam
30.8%
Ben
25.3%
Fred
23.2%

You're not logged in!

Compare scores with friends on all Sporcle quizzes.
OR
Log In
Remove Ads.
Support Sporcle.
Get the best of Sporcle when you Go Orange. This ad-free experience offers more features, more stats, and more fun while also helping to support Sporcle. Thank you for becoming a member.

Show Comments

Extras

Top Quizzes Today


Score Distribution

Your Account Isn't Verified!

In order to create a playlist on Sporcle, you need to verify the email address you used during registration. Go to your Sporcle Settings to finish the process.

Report this User

Report this user for behavior that violates our Community Guidelines.

Details: